000 00467nam a2200169 i 4500
001 28115
003 ES-MaACL
005 20240320062557.0
007 t|
008 030116s1973 sp ||||1| spa d
100 0 _aAzorín,
_d1873-1967
_924326
245 1 0 _aAzorín en su inmortalidad /
_cAzorín.
260 _a[Madrid :
_bBanco Ibérico,
_c1973]
300 _a484 p., 24 lám. n. y col. ;
_c22 cm.
852 _aES-MaACL
_jE-4973
_bR.88646
999 _c28115
_d28115